| Tag |
First Indicator |
Second Indicator |
Subfields |
| LEADER |
00000cam a2200000 a 4500 |
| 001 |
in00002730786 |
| 005 |
20211120163131.0 |
| 008 |
110906s2003 dcua o f000 0 eng c |
| 035 |
|
|
|a (OCoLC)ocn749937301
|
| 040 |
|
|
|a GPO
|c GPO
|d MvI
|d UtOrBLW
|
| 042 |
|
|
|a pcc
|
| 043 |
|
|
|a n-us---
|
| 049 |
|
|
|a WWW
|
| 074 |
|
|
|a 1005-L-04 (online)
|
| 086 |
0 |
|
|a Y 3.W 84/4:16 L 52
|
| 245 |
0 |
0 |
|a Legislative priorities among key women's and small business organizations /
|c prepared by the National Women's Business Council.
|
| 264 |
|
1 |
|a Washington, DC :
|b National Women's Business Council,
|c [2003]
|
| 300 |
|
|
|a 1 online resource (3 pages) :
|b digital, PDF file.
|
| 336 |
|
|
|a text
|b txt
|2 rdacontent
|
| 337 |
|
|
|a computer
|b c
|2 rdamedia
|
| 338 |
|
|
|a online resource
|b cr
|2 rdacarrier
|
| 490 |
1 |
|
|a Issue in brief / National Women's Business Council
|
| 500 |
|
|
|a Title from PDF caption (viewed Sept. 6, 2011).
|
| 500 |
|
|
|a "February 2003."
|
| 500 |
|
|
|a Electronic resource.
|
| 650 |
|
0 |
|a Women-owned business enterprises
|z United States.
|
| 650 |
|
0 |
|a Small business
|z United States.
|
| 650 |
|
0 |
|a Business enterprises
|x Law and legislation
|z United States.
|
| 650 |
|
0 |
|a Employer-sponsored health insurance
|z United States.
|
| 710 |
2 |
|
|a National Women's Business Council (U.S.)
|
| 830 |
|
0 |
|a Issue in brief (National Women's Business Council (U.S.))
|
| 856 |
4 |
0 |
|u https://purl.fdlp.gov/GPO/gpo12299
|t 0
|
| 999 |
|
|
|a MARS
|
| 999 |
f |
f |
|s 278d4834-c9df-3416-8ea3-cadecb492890
|i 5be44e3a-ce6f-36b1-9f14-4b42b7d65a3b
|t 0
|
| 952 |
f |
f |
|a Texas A&M University
|b College Station
|c Electronic Resources
|d Available Online
|t 0
|e Y 3.W 84/4:16 L 52
|h Superintendent of Documents classification
|
| 998 |
f |
f |
|a Y 3.W 84/4:16 L 52
|t 0
|l Available Online
|